00326nam a22001217a 4500020001800000082001800018100003900036245003700075250001800112260004600130300000800176650002000184 a9789380352077 a500.80297 NAD aNadvi, Ibraheem ImadiaQamrul Huda aMuslims' Contribution To Science afirst edition aNew DelhibAl-Hasanat Books PVT.LTDc2010 a460 aIslam - Science